Chemical Process Principles (Record no. 67228)
[ view plain ]
| 000 -LEADER | |
|---|---|
| fixed length control field | 00190nam a22000977a 4500 |
| 082 ## - DEWEY DECIMAL CLASSIFICATION NUMBER | |
| Classification number | 660.289HOU |
| 100 ## - MAIN ENTRY--AUTHOR NAME | |
| Personal name | Hougen, |
| 245 ## - TITLE STATEMENT | |
| Title | Chemical Process Principles |
| 300 ## - PHYSICAL DESCRIPTION | |
| Number of Pages | 504p |
| 942 ## - ADDED ENTRY ELEMENTS (KOHA) | |
| Koha item type | Books |
| Withdrawn status | Lost status | Home library | Current library | Date acquired | Full call number | Accession Number | Koha item type |
|---|---|---|---|---|---|---|---|
| Central Library, QUEST, Nawabshah | Central Library, QUEST, Nawabshah | 23/08/2021 | 660.289HOU | D2152 | Books | ||
| Central Library, QUEST, Nawabshah | Central Library, QUEST, Nawabshah | 23/08/2021 | 660.289HOU | D2153 | Books |